Nom d'un chien ! (click quiz) - Statistiques

Statistiques générales
  • Ce quiz a été pris 21 fois
  • Le résultat moyen est 15 sur 30
Statistiques - réponses
Hint Réponse % Correct
Chipie Chat ou chien
74%
Minette Chat ou chien
74%
Ulcéralestoma Ni l'un ni l'autre
74%
Fripouille Chat ou chien
68%
Praline Chat ou chien
68%
Médor Chat ou chien
68%
Minou Chat ou chien
68%
Mistigri Chat ou chien
68%
Caline Chat ou chien
63%
Tigrou Chat ou chien
63%
églouéglouéglou Ni l'un ni l'autre
63%
glycosylphosphatidyléthanolamine Ni l'un ni l'autre
63%
Nougat Chat ou chien
58%
Caramel Chat ou chien
58%
Noisette Chat ou chien
58%
Kikikaki Ni l'un ni l'autre
58%
Nougat Chat ou chien
53%
Choupette Chat ou chien
53%
Pudubec Ni l'un ni l'autre
53%
Plume Chat ou chien
47%
Haltela Ni l'un ni l'autre
47%
Onyx Chat ou chien
42%
Looping Chat ou chien
37%
Prince Les 2
32%
Félix Les 2
16%
Gribouille Les 2
16%
Laïka Les 2
11%
Perle Les 2
11%
Garfield Les 2
5%
Rex Les 2
5%
Aucun quiz correspondant
Distribution des résultats
% des personnes avec chaque résultat
Percentile par nombre de réponses
Votre historique - résultats
Vous n’avez pas pris ce quiz